Introducción a la psicología

Gardado en:
Detalles Bibliográficos
Autor Principal: Wolff, Werner (Author)
Formato: Libro
Idioma:Lingua castelá
Publicado: Santiago Fondo de Cultura Económica 1990
Series:Breviarios del Fondo de Cultura Económica, 82
Subjects:
Tags: Engadir etiqueta
Sen Etiquetas, Sexa o primeiro en etiquetar este rexistro!

MARC

LEADER 00000nam a2200000 a 4500
001 UCY4193
003 CL-VaPUC
008 950302e19900000CL |||||||||||||||||spa|d
082 0 4 |a 150  |b WOL  |2 21 
100 0 |a Wolff, Werner  |e author  |9 332607 
245 1 0 |a Introducción a la psicología 
300 |a 369 p 
942 |c BK 
945 |d 19950302 00:00:00  |a rbrito 
260 |a Santiago  |b Fondo de Cultura Económica  |c 1990 
650 0 |a Psicología   |9 257863 
583 |a last modification  |c 19950302 00:00:00  |k Rodrigo Vera 
490 0 |a Breviarios del Fondo de Cultura Económica, 82 
999 |c 232127  |d 232125 
952 |0 0  |1 0  |4 0  |6 150_000000000000000_WOL_1990  |7 0  |8 A  |9 236181  |a BIBEDU  |b BIBEDU  |d 2019-11-15  |i 3061256  |o 150 WOL 1990  |p 3061256  |r 2019-11-15  |w 2019-11-15  |y BK  |k FIL